Bilecik Bilecik Bilecik Bilecik Bilecik

Anayasa hukuku açısından mahkemelerin bağımsızlığı ve hakimlik teminatı : (Record no. 8046)

MARC details
000 -BAŞLIK
Sabit Uzunluktaki Kontrol Alanı 01263nam a22003737a 4500
001 - KONTROL NUMARASI
Control Dosyası 0008072
003 - KONTROL NUMARASI KİMLİĞİ
Kontrol Alanı KOHA_MİRAKIL
005 - EN SON İŞLEM TARİHİ ve ZAMANI
Kontrol Alanı 20260207001620.0
007 - FİZİKSEL TANIM SABİT ALAN - GENEL BİLGİ
Sabit uzunluklu kontrol alanı ta
008 - SABİT UZUNLUKTAKİ VERİ ÖGELERİ - GENEL BİLGİ
Sabit Alan 091007b tu |||gr||||#0|||0|tur |
020 ## - ISBN - ULUSLARARASI STANDART KİTAP NUMARASI
Isbn 9757479209
040 ## - KATALOGLAMA KAYNAĞI
Özgün Kataloglama Kurumu TR-BiSEU
Kataloglama Dili tur
Çeviri Kurumu TR-BiSEU
Açıklama Kuralları rda
041 0# - DİL KODU
Metin ya da ses kaydının dil kodu tur
044 ## - YAYINLAYAN/ÜRETEN KURULUŞUN ÜLKE KODU
ISO country code tu
050 ## - SINIFLAMA ve YER NUMARASI
Sınıflama Numarası KKX1610
Yer Numarası .U53 [t.y.]
100 1# - KİŞİ ADI
Yazar Adı (Kişi adı) Ünal, Şeref.
245 1# - ESER ADI BİLDİRİMİ
Başlık Anayasa hukuku açısından mahkemelerin bağımsızlığı ve hakimlik teminatı :
Alt Eseradı vb. (Türk yargı sistemi üzerinde karşılaştırmalı hukuk açısından bir inceleme)/
Sorumluluk Bildirimi Şeref Ünal ; Şeref Ünal.
264 #1 - ÜRERİM, YAYIN, DAĞITIM ve TELİF BİLDİRİMİ
Yayın yeri Ankara :
Yayınlayan TBMM Kültür Sanat ve Yayın Kurulu yayınları
Yayın tarihi [t.y.]
300 ## - FİZİKSEL TANIMLAMA
Sayfa, Cilt vb. XI, 155 sayfa
336 ## - İÇERİK TÜRÜ
Content type term metin
Content type code txt
Source rdacontent
337 ## - MEDYA TÜRÜ
Media type term aracısız
Media type code n
Source rdamedia
338 ## - TAŞIYICI TÜRÜ
Carrier type term cilt
Carrier type code nc
Source rdacarrier
490 1# - DİZİ BİLDİRİMİ
Dizi Bildirimi T.B.M.M.
490 1# - DİZİ BİLDİRİMİ
Dizi Bildirimi Kültür sanat yayınları yayın ;
Cilt Numarası no: 65.
500 ## - GENEL NOT
Genel Not Kaynakça var.
650 #0 - KONU BAŞLIĞI EK GİRİŞ - KONU TERİMİ
Konusal terim veya coğrafi ad Judges--Turkey.
9 (RLIN) 19970
650 #0 - KONU BAŞLIĞI EK GİRİŞ - KONU TERİMİ
Konusal terim veya coğrafi ad Courts--Turkey.
9 (RLIN) 19971
650 #0 - KONU BAŞLIĞI EK GİRİŞ - KONU TERİMİ
Konusal terim veya coğrafi ad Hakimler--Türkiye.
9 (RLIN) 19972
650 #0 - KONU BAŞLIĞI EK GİRİŞ - KONU TERİMİ
Konusal terim veya coğrafi ad Mahkemeler--Türkiye.
9 (RLIN) 19973
830 1# - SERİ EK GİRİŞİ - TEKBİÇİM ESER ADI
Tekbiçim Başlık T.B.M.M.
9 (RLIN) 19974
830 1# - SERİ EK GİRİŞİ - TEKBİÇİM ESER ADI
Tekbiçim Başlık Kültür sanat yayınları yayın ;
Volume number/sequential designation no: 65.
9 (RLIN) 19975
907 ## - LOCAL DATA ELEMENT G, LDG (RLIN)
a İnceleme
942 ## - EK GİRİŞ ÖGELERİ (KOHA)
Source of classification or shelving scheme Library of Congress Classification
Koha item type Book
Holdings
Materyal Türü Kalıcı Konum Mevcut Konum Raf Yeri Sınıflandırma Kaynağı Edinim Bilgisi Ana Konular Alt Konular Yer Numarası Demirbaş Numarası Fatura Tarihi Maliyet, Alış Fiyatı Maliyet, Yenileme Fiyatı Geri Çekilme Durumu Kayıp Durumu Hasarlı Durumu Kredi için değil Kayıt Tarih Toplam Ödünçverme Son Görülme Tarihi Son Kontrol Tarihi Genel / Bağış Notu
Book Prof. Dr. Azmi Özcan Kütüphanesi Prof. Dr. Azmi Özcan Kütüphanesi Uluğbey Salonu Library of Congress Classification Bağış HUKUK Türkiye Hukuku KKX1610 .U53 [t.y.] 0008072 13/08/2010 3.00 3.00         07/10/2009   05/12/2024 05/12/2024 Genel Bağış